1851 1786 1436 1122 1647 1873 1524 1931 1646 1746 1280 1606 1240 1049 1002 1586 1178 1058 1087 1671 1305 1807 1929 1981 1733 1517 1523 1527 1331 1319 1356 1186 1276 1148 1426 1098 1363 1560 1642 1867 1267 1388 1506 1553 1492 1170 1777 1383 1602 1417 1350 1759 1421 1005 1861 1439 1255 1918 1742 1598 1343 1082 1124 1174 1996 1754 1107 1060 1832 1592 1938 1820 1858 1953 1208 1834 1318 1673 1380 1167 1439 1723 1433 1075 1849 1958 1699 1978 1515 1157 1481 1276 1906 1241 1796 1663 1329 1782 1168 BCNSPRNW ULIB Ver.6.0+V

เปลี่ยนเป็นภาษาไทย

Change to English
 แสดงรายละเอียดบรรณานุกรม
  กลับหน้าหลัก

Brief Record : Get Marc (ISO 2709) : E-mail record : QR code < ปิดหน้าต่าง
LEADER : 00000nam 2200000uu 4500
001    13399120366
003     ULIB
008    120918s2547||||th 000 0 tha d
020    ^a9744657162
060  4 ^aWY85^bพ798น 2547
100 0  ^aเพ็ญศรี พงษ์ประภาพันธ์
110 1  ^aวิทยาลัยพยาบาลบรมราชชนนี นครพนม
245 00 ^aแนวคิดทฤษฎีทางจริยธรรมการนำไปใช้ในวิชาชีพพยาบาล^cเพ็ญศรี พงษ์ประภาพันธ์
260    ^aนครพนม^bวิทยาลัยพยาบาลบรมราชชนนี นครพนม^c2547
300    ^a84 หน้า
650  7 ^aจรรยาบรรณ^xพยาบาล
945    ^p0^l0^i24252
995    ^aวิภา
999 ^a ใช้งานได้ทุกระบบ
รายการนี้ยังไม่มีแท็ก
คุณยังไม่ได้ล็อกอิน คุณสามารถมีกิจกรรมร่วมกับเว็บไซต์ได้ แต่ต้องล็อกอินก่อน ::
  ล็อกอิน

รายการสื่อสารสนเทศ

ลำดับที่ ประเภท เลขเรียก/บาร์โค้ด สถานที่ สถานะ
1. วิทยาศาสตร์การแพทย์ และสุขภาพ
วิทยาศาสตร์การแพทย์ และสุขภาพ
WY85 พ798น 2547  
  Barcode: 24252
ห้องสมุดวิทยาเขตสวรรค์ประชารักษ์
►หนังสือทั่วไป
บนชั้น

BibComment


ยังไม่เคยถูกคอมเมนท์

คอมเมนท์ทรัพยากรรายการนี้
  คอมเมนท์: แนวคิดทฤษฎีทางจร..


 Copyright 2026. Bcnsprnw @Library